Nepal : Fifth Review Under the Three-Year Arrangement Under the Poverty Reduction and Growth Facility, and Request for Waivers for Nonobservance of Performance Criteria; Staff Report; Press Release on the Executive Board Discussion; and Statement by the Executive Director for Nepal.

The staff report for the Fifth Review Under the Three-Year Arrangement Under the Poverty Reduction and Growth Facility (PGRF) highlights Nepal's economic outcomes and macroeconomic policies. Financing needs and logistics of the peace process pose continuing challenges. Macroeconomic stability r...

Fuld beskrivelse

Bibliografiske detaljer
Institution som forfatter: International Monetary Fund
Format: Tidsskrift
Sprog:English
Udgivet: Washington, D.C. : International Monetary Fund, 2007.
Serier:IMF Staff Country Reports; Country Report ; No. 2007/366
Online adgang:Full text available on IMF
LEADER 01841cas a2200241 a 4500
001 AALejournalIMF009677
008 230101c9999 xx r poo 0 0eng d
020 |c 5.00 USD 
020 |z 9781451830101 
022 |a 1934-7685 
040 |a BD-DhAAL  |c BD-DhAAL 
110 2 |a International Monetary Fund. 
245 1 0 |a Nepal :   |b Fifth Review Under the Three-Year Arrangement Under the Poverty Reduction and Growth Facility, and Request for Waivers for Nonobservance of Performance Criteria; Staff Report; Press Release on the Executive Board Discussion; and Statement by the Executive Director for Nepal. 
264 1 |a Washington, D.C. :  |b International Monetary Fund,  |c 2007. 
300 |a 1 online resource (50 pages) 
490 1 |a IMF Staff Country Reports 
500 |a <strong>Off-Campus Access:</strong> No User ID or Password Required 
500 |a <strong>On-Campus Access:</strong> No User ID or Password Required 
506 |a Electronic access restricted to authorized BRAC University faculty, staff and students 
520 3 |a The staff report for the Fifth Review Under the Three-Year Arrangement Under the Poverty Reduction and Growth Facility (PGRF) highlights Nepal's economic outcomes and macroeconomic policies. Financing needs and logistics of the peace process pose continuing challenges. Macroeconomic stability remains intact, but the speed of structural reform implementation has been slow. Macroeconomic policies remain anchored and the authorities are aware of the need for further structural reforms. Financial sector reforms can help improve intermediation and financial stability. 
538 |a Mode of access: Internet 
830 0 |a IMF Staff Country Reports; Country Report ;  |v No. 2007/366 
856 4 0 |z Full text available on IMF  |u http://elibrary.imf.org/view/journals/002/2007/366/002.2007.issue-366-en.xml  |z IMF e-Library